عرض عادي
عرض مارك
- Maddieson, Ian.
مدخل إسم شخص
001 - رقم الضبط
- حقل الضبط: 88997
003 - معرف رقم الضبط
- حقل الضبط: OSt
005 - تاريخ ووقت أخر عملية
- حقل الضبط: 20211229045807.0
008 - عناصر بيانات ثابتة الطول
- حقل تحكم ثابت الطول: 211229|| aca||aabn | a|a d
040 ## - مصدر الفهرسة
- هيئة الفهرسة الأصلية: OSt
- وكالة الكتابة: OSt
100 ## - مدخل -- أسم شخص
- إسم شخص: Maddieson, Ian.
670 ## - بيانات المصدر موجوده
- الاستشهاد بالمصدر: Work cat.: (OSt)0: Ladefoged, Peter. 88995, The sounds of the world's languages /, 1996.
